01007cam a22002655a 45000010009000000050017000090080041000260200018000670400033000850820023001181000038001412450096001792600052002753000041003275000024003685000027003925040031004196500040004506500035004906510010005256530037005359420008005729990017005809520144005971816172520151203150823.0140523t2014 maua frbd 001 0 eng d a9780124202450 aDLCbengcDLCdDLCdEG-ScBUE04a006.70684222bMOF1 aMoffett, Jackq(Jack Lean)93882910aBridging UX and web development :bbetter results through team integration /cJack Moffett. aWaltham :bMorgan Kaufmann / Elsevier,cc.2014. axiv, 209 p. :bill. (col.) ;c23 cm. aIndex : p. 205-209. aGlossary : p. 197-203. aBibliography : p. 191-195. 7aWeb site development.2BUEsh911303 0aTeams in the workplace.2BUEsh 2BUEsh bCOMSCIcAugust2015cDecember2015 2ddc c20548d20520 00102ddc40708BaccahaMAINbMAINcLOWd2015-08-17ePurchaseg344.00h21759l0o006.70684 MOFp000030811r2025-07-15 00:00:00v430.00yBB